Planning For Steady Growth (Record no. 28321)

MARC details
000 -LEADER
fixed length control field 00405nam a2200145Ia 4500
008 - FIXED-LENGTH DATA ELEMENTS--GENERAL INFORMATION
fixed length control field 211109s9999||||xx |||||||||||||| ||und||
082 ## - DEWEY DECIMAL CLASSIFICATION NUMBER
Classification number 338.9
Item number MAT-P
100 ## - MAIN ENTRY--PERSONAL NAME
Personal name Mathur, Gautam
245 #0 - TITLE STATEMENT
Title Planning For Steady Growth
260 ## - PUBLICATION, DISTRIBUTION, ETC.
Name of publisher, distributor, etc. Uty Press
Place of publication, distribution, etc. India
Date of publication, distribution, etc. 1965
300 ## - PHYSICAL DESCRIPTION
Extent 386p.
630 ## - SUBJECT ADDED ENTRY--UNIFORM TITLE
General subdivision General Stack
650 ## - SUBJECT ADDED ENTRY--TOPICAL TERM
Topical term or geographic name entry element Production
942 ## - ADDED ENTRY ELEMENTS (KOHA)
Koha item type BOOK
650 ## - SUBJECT ADDED ENTRY--TOPICAL TERM
Form subdivision Economics Social sciencesEconomic Planning
General subdivision Economics
Holdings
Withdrawn status Lost status Damaged status Not for loan Home library Current library Date acquired Cost, normal purchase price Total Checkouts Full call number Barcode Shelving location Date last seen Price effective from Koha item type
        SB LIBRARY SB LIBRARY 09/11/2021 100.00   338.9 MAT-P 00029150 GENERAL STACK 09/11/2021 09/11/2021 BOOK

Powered by Koha